[Event "Paracin Summer op-A 12th"]
[Site "Paracin"]
[Date "2019.07.08"]
[Round "4"]
[White "Tan, Justin Hy"]
[Black "Ulziikhishigjargal, Ochirkhuyag"]
[Result "1/2-1/2"]
[WhiteElo "2513"]
[BlackElo "2017"]
[PlyCount "112"]
[EventDate "2019.07.05"]
[EventType "swiss"]
[EventRounds "9"]
[EventCountry "SRB"]
[SourceTitle "CBM 191 Extra"]
[Source "ChessBase"]
[SourceDate "2019.09.30"]
[SourceVersion "1"]
[SourceVersionDate "2019.09.30"]
[SourceQuality "1"]

1. e4 e5 2. Nf3 Nc6 3. Bb5 a6 4. Ba4 Nf6 5. 0-0 b5 6. Bb3 Be7 7. d3 0-0 8. Re1 Bb7 9. Bg5 h6 10. Bh4 d6 11. c3 Nh7 12. Bg3 Ng5 13. Nfd2 Na5 14. Bc2 c5 15. Nf1 Bf6 16. Ne3 g6 17. Nd2 Bg7 18. Rf1 Ne6 19. a3 Nc6 20. Bb3 Ne7 21. Re1 Nf4 22. Bxf4 exf4 23. Nd5 Bxd5 24. Bxd5 Rb8 25. Bb3 Nc6 26. Nf3 Ne5 27. Bd5 Nxf3+ 28. Qxf3 Qg5 29. Rad1 a5 30. d4 b4 31. Qd3 Kh7 32. Rd2 bxc3 33. bxc3 cxd4 34. cxd4 f3 35. g3 f5 36. Re3 f4 37. Rxf3 fxg3 38. Rxg3 Qh5 39. Kg2 Rf4 40. Qe3 Rbf8 41. Rc2 g5 42. Be6 Qd1 43. Rd2 Qb1 44. Bf5+ Kh8 45. Rf3 d5 46. Rxf4 gxf4 47. Qd3 f3+ 48. Qxf3 dxe4 49. Qg4 Qc1 50. Rd1 Qc2 51. Re1 Bxd4 52. Re2 Qd1 53. Be6 Qd3 54. Kg1 Qd1+ 55. Kg2 Qd3 56. Kg1 Qd1+ 1/2-1/2